000
00255nam a22001097a 4500
082
_a
954.51 SUL'P
100
_a
SULTAN KHAN.DR
_9
67375
245
_a
PAKISTAN , PAST,PRESENT AND FUTURE
260
_a
LAHORE
_b
FAMOUS
_c
1994
300
_a
XV,415P
942
_c
BK
999
_c
575172
_d
575172